[Event "CAN-ch U10"]
[Site "Sault Ste Marie"]
[Date "2017.07.07"]
[Round "3"]
[White "Bocan, Richard"]
[Black "He, Shukun"]
[Result "1-0"]
[WhiteElo "1086"]
[BlackElo "812"]
[PlyCount "77"]
[EventDate "2017.07.06"]
[EventType "swiss"]
[EventRounds "7"]
[EventCountry "CAN"]
[SourceTitle "EXT 2022"]
[Source "ChessBase"]
[SourceDate "2021.10.06"]
[SourceVersion "1"]
[SourceVersionDate "2021.10.06"]
[SourceQuality "1"]

1. d4 d5 2. c4 c6 3. Nf3 Nf6 4. Bf4 Bf5 5. e3 e6 6. Bd3 Bxd3 7. Qxd3 Bd6 8. Bxd6 Qxd6 9. Nc3 Nbd7 10. Rc1 c5 11. 0-0 cxd4 12. exd4 0-0 13. c5 Qc6 14. b4 a6 15. a4 Qc7 16. Rfe1 Rfe8 17. Qe2 b6 18. Rb1 bxc5 19. bxc5 Qa5 20. Qc2 Rab8 21. Rxb8 Rxb8 22. Na2 Re8 23. h3 h6 24. Re3 Nb8 25. Ra3 Nc6 26. Qc3 Qxc3 27. Nxc3 e5 28. dxe5 Nxe5 29. Nxe5 Rxe5 30. a5 d4 31. Na4 Rd5 32. Rd3 Kf8 33. Kf1 Ke7 34. Ke2 Ne4 35. Nb6 Nc3+ 36. Rxc3 dxc3 37. Nxd5+ Ke6 38. Nxc3 Kd7 39. Kd3 1-0

[Event "CAN-ch U10"]
[Site "Sault Ste Marie"]
[Date "2017.07.06"]
[Round "2"]
[White "He, Shukun"]
[Black "Ripley, Noah"]
[Result "1/2-1/2"]
[WhiteElo "812"]
[BlackElo "814"]
[PlyCount "124"]
[EventDate "2017.07.06"]
[EventType "swiss"]
[EventRounds "7"]
[EventCountry "CAN"]
[SourceTitle "EXT 2022"]
[Source "ChessBase"]
[SourceDate "2021.10.06"]
[SourceVersion "1"]
[SourceVersionDate "2021.10.06"]
[SourceQuality "1"]

1. e4 e5 2. Nf3 Nc6 3. Bc4 Bc5 4. Nc3 Nf6 5. d3 d6 6. h3 h6 7. Be3 Bb4 8. a3 Bxc3+ 9. bxc3 a6 10. a4 Na5 11. Bb3 Qe7 12. Nd2 Be6 13. Bxe6 Qxe6 14. f3 Nh5 15. d4 Ng3 16. Rg1 f5 17. Bf2 Nh5 18. Qe2 c6 19. Qe3 f4 20. Qd3 0-0 21. g4 Nf6 22. h4 b5 23. g5 hxg5 24. hxg5 Nh7 25. d5 cxd5 26. exd5 Qe7 27. axb5 axb5 28. Qxb5 Nb7 29. Rb1 Rab8 30. g6 Nf6 31. Ba7 Rbc8 32. Qxb7 Rc7 33. Qb5 Rxa7 34. Qd3 Rb7 35. Rxb7 Qxb7 36. Ke2 Qxd5 37. Qxd5+ Nxd5 38. Ne4 Rd8 39. Rd1 Ne3 40. Rxd6 Rxd6 41. Nxd6 Nxc2 42. Kd3 Ne1+ 43. Ke4 Kf8 44. Kxe5 Nxf3+ 45. Kxf4 Nh4 46. Kg5 Nf3+ 47. Kf5 Ke7 48. Nc8+ Kd7 49. Nb6+ Ke7 50. c4 Nh4+ 51. Ke5 Nxg6+ 52. Kd5 Nf8 53. c5 Nd7 54. Nc8+ Kd8 55. Ke6 Nf8+ 56. Kf7 g6 57. Nd6 Kd7 58. Ne4 Kc6 59. Kxf8 g5 60. Kf7 g4 61. Ke6 g3 62. Nxg3 Kxc5 1/2-1/2